Socialism or Islam (Record no. 22528)
[ view plain ]
| 000 -LEADER | |
|---|---|
| fixed length control field | 00270nam a22001217a 4500 |
| 082 ## - DEWEY DECIMAL CLASSIFICATION NUMBER | |
| Classification number | 335.40297 |
| Author Cutter | AHM |
| 100 ## - MAIN ENTRY--AUTHOR NAME | |
| Author name | Dr. Ahmad Khurshid |
| 245 ## - TITLE STATEMENT | |
| Title | Socialism or Islam |
| 260 ## - PUBLICATION, DISTRIBUTION, ETC. (IMPRINT) | |
| Place of publication | Delhi |
| Name of publisher | Hindustan Publications |
| 300 ## - PHYSICAL DESCRIPTION | |
| Number of Pages | 281 P. |
| 650 ## - SUBJECT ADDED ENTRY--TOPICAL TERM | |
| Topical Term | Socialism |
| 942 ## - ADDED ENTRY ELEMENTS (KOHA) | |
| Koha item type | Books |
| Home library | Current library | Shelving location | Date acquired | Full call number | Accession Number | Koha item type |
|---|---|---|---|---|---|---|
| Henry Martyn Institute Library | Henry Martyn Institute Library | General stacks | 11/20/2018 | 335.40297 AHM | 11971 | Books |
